Datum a čas kvízu
32
Celkem bodů
Celkový počet nahraných bodů na tomto kvízu bez doplňovacích otázek.
3.
Pořadí na kvízu
Konečné umístění týmu na tomto kvízu.
Zaznamenané odpovědi
| # | Otázka | Odpověď | Body | Výsledky |
|---|---|---|---|---|
| 1. | Ve svatovítské katedrále se v... | Petr Fiala | 1 | |
| 2. | Minulý týden se na internetu o... | vysokozdvižný vozík (ještěrku) | 0 | |
| 3. | V noci z neděle na pondělí min... | Adolescent (Adolescence) | 1 | |
| 4. | Společnost China Eastern Airli... | Buenos Aires | 1 | |
| 5. | Jak se jmenuje český skokan do... | Jan Štefela | 1 | |
| 6. | Ve spolupráci s Radou Evropy j... | 1C 2A 3D 4B | 0 | |
| 7. | Pokud vám prozradíme, že červe... | július | 1 | |
| 8. | Jak se jmenuje autonomní oblas... | Vojvodina | 0 | |
| 9. | Která z těchto knih nebyla nap... | A | 1 | |
| 10. | Pozoruhodným jazykem je velšti... | slunéčko (beruška) | 0 |